| 000 | 01064nam a2200241Ia 4500 | ||
|---|---|---|---|
| 005 | 20211111074333.0 | ||
| 008 | 130821s2006 ck gr spa | ||
| 020 | _a9587110110 | ||
| 040 |
_aCo-BoUCM _bspa |
||
| 041 | 0 | 0 | _aspa |
| 110 | 1 |
_aEscallón Ortiz, Miguel Angel _9163053 |
|
| 245 | 1 | 0 |
_aPortafolio de derecho urbano, agrario, ambiental y minero _cMiguel Angel Escallón Ortiz |
| 260 |
_aBogotá (Colombia) _bEditorial Leyer _c2006 |
||
| 300 | _a606 páginas | ||
| 505 |
_aDerecho urbano. -- _tRégimen jurídico de vivienda. -- _tPropiedad horizontal y unidades inmobiliarias cerradas. -- _tCódigo nacional de recursos naturales. -- _tMedio ambiente y licencias ambientales. -- _tCódigo de minas. -- _tLegislación agraria. -- _tAcciones populares y de grupo. |
||
| 650 | 0 | 4 |
_aDerecho ambiental _912703 |
| 650 | 0 | 4 |
_aDerecho minero _912796 |
| 650 | 0 | 4 |
_aDerecho tributario _912836 |
| 650 | 0 | 4 |
_aMedio ambiente _919225 |
| 650 | 0 | 4 |
_aUrbanismo _xLegislación _9102653 |
| 942 |
_cLIBRO _a8 _e1 _mE742 _2DEWEY _h346.044 |
||
| 999 |
_c50867 _d50867 |
||